000 00288nam a22001337a 4500
008 170818b xxu||||| |||| 00| 0 eng d
020 _a9781111951672
041 _aeng
080 _a51
100 _a51
101 _aMAT
245 _aCOLLEGE ALEBRA
_cHUNGERFORD,TH.W
942 _2udc
_cBK
999 _c24122
_d24122